000 01030nam a22002297a 4500
010 _aA-945804
020 _a8170189802(Set)
_c225
035 _aA-945804
037 _aCen Lib / Ret
040 _aDPL
_bEN
082 _a954
_bIND
100 _aSamanta, R. K.
245 _aIndia 50 years of independence 1947-97 :
_bstatus, growth and development /
_cby R. K. Samanta and M. R. Hegde
260 _aDelhi
_bB.R Publishing Corporatoin
_c1998
270 _a1 Ansari Road Darya Ganj
_bNew Delhi
_e110002
300 _a( v 1. 200 ; v 2. xv, 158 ; v 3. 156 ; v 4. 257 ; v 5. 253p. ; v 6. 212 ; v 7. 206 ; v 8. 129 ; v 9. vii, 157)
_b24cm(Hb)
505 _av 1. Chronology of Important events ; v 2. Agriculture ; v 3. Ayurveda ; v 4. External trade ; v 5. Education ; v 6. Buddhism ; v 7. Women writers literary interviews ; v 8. Architecture ; v 9. Publishing)
650 _aIndia -- Independence
650 _aIndia -- Growth and Development
700 _aHegde, M. R.
942 _2ddc
_cEN
_h954
_mIND
999 _c136402
_d136402